000 00471nam a2200157 4500
005 20260223111318.0
008 260220b |||||||| |||| 00| 0 eng d
041 _aMarathi
082 _aX 891 GOL
_bB12226
100 _aगोळे रवींद्र
_9216775
245 _aअण्णाभाऊ साठे जीवन व कार्य
260 _aPune
_bBharatiya Vichar Sadhana
_c2022
300 _a72p
_bpb
365 _aRupaye
_b80
_cINR
942 _cBK
999 _c370477
_d370477